000 00442nam a2200181Ia 4500
001 1737
005 20260306143750.0
008 260306t2009||||xx |||||||||||||| ||spa||
041 _aESP
082 _a155.28
_bG85
100 _aGuberman, Marta Beatriz
_eAUT
245 0 _aEl proceso psicodiagnostico y sus problemas
260 _c2009
300 _a174 páginas :
_c24 cm.
650 _aGEN
654 _aCPS
942 _cLIB
_dJUS
_fJUS
_2ddc
_n
999 _c1737
_d1737